000 00603nam a2200193Ia 4500
001 12814
003 GE_BSU
008 181216s||||||||xx |||||||||||||| ||und||
040 _cGE_BSU
100 _aКолесников,В.А. Резниченко, А.Г. Кузнецов,М.Д. Ефимов,В.А.
245 _aПлодоводство
245 _cПод ред. В.А.Колесникова. Ред.В.Н.Озеров
260 _aМосква
260 _bСельхозгиз
260 _c1959
300 _a440стр.илл.27см.
653 _aПлодоводство
942 _cBK
999 _c45985
_d45985